000 01420cad a22002535a 4500
001 L141653
008 071210s2007 xxk f 000 0 eng d
035 _a(Sirsi) u141653
041 0 _aeng
050 0 4 _a333.33 $2 18
110 2 _aRoyal Institution of Chartered Surveyors
_bEconomics
_95033
245 0 0 _aRICS UK economic brief
_bOctober 2007
_h[electronic resource]
260 _aLondon
_bRICS
_c2007
490 0 _aRICS UK Economic Brief
_vOctober 2007
520 _aReports that the economy grew at its fastest annual pace in over three years between July and September, increasing the annual growth rate to 3.3%. Employment grew by 132 000 in the year to August, representing an increase of 0.3%. Expects employment growth of 1.2% in 2008. Reports that rents in the commercial property market continued to rise in September, although office rents slowed down. Construction sector growth was robust in the third quarter. The number of mortgage products fell by 43% in July.
590 _aKA
650 2 4 _aRICS UK ECONOMIC BRIEF
651 4 _aUnited Kingdom
_y
690 _aBUILT ENVIRONMENT-CONSTRUCTION MARKET
690 _aPROPERTY-COMMERCIAL PROPERTY- COMMERCIAL PROPERTY MARKET
690 _aPROPERTY-RESIDENTIAL PROPERTY- RESIDENTIAL PROPERTY MARKET
856 4 0 _uhttps://www.rics.org/site/scripts/download_info.aspx?downloadID=701
_zView this report free of charge at www.rics.org...
942 _n0
999 _c107726
_d107726